<?xml version="1.0" encoding="UTF-8"?>
<record
    xmlns:xsi="http://www.w3.org/2001/XMLSchema-instance"
    xsi:schemaLocation="http://www.loc.gov/MARC21/slim http://www.loc.gov/standards/marcxml/schema/MARC21slim.xsd"
    xmlns="http://www.loc.gov/MARC21/slim">

  <leader>01102nam a2200265Ia 4500</leader>
  <controlfield tag="003">Ost</controlfield>
  <controlfield tag="005">20260507075649.0</controlfield>
  <controlfield tag="008">260507s9999||||xx |||||||||||||| ||und||</controlfield>
  <datafield tag="020" ind1=" " ind2=" ">
    <subfield code="a">4559249960</subfield>
  </datafield>
  <datafield tag="040" ind1=" " ind2=" ">
    <subfield code="c">fsecg</subfield>
  </datafield>
  <datafield tag="041" ind1=" " ind2=" ">
    <subfield code="a">ara</subfield>
  </datafield>
  <datafield tag="082" ind1=" " ind2=" ">
    <subfield code="a">658.314</subfield>
  </datafield>
  <datafield tag="100" ind1=" " ind2=" ">
    <subfield code="a">&#x647;&#x627;&#x64A;&#x64A;&#x633;&#x60C; &#x646;&#x64A;&#x643;&#x64A;</subfield>
    <subfield code="e">&#x645;&#x624;&#x644;&#x641;</subfield>
  </datafield>
  <datafield tag="245" ind1=" " ind2="0">
    <subfield code="a">&#x625;&#x62F;&#x627;&#x631;&#x629; &#x627;&#x644;&#x641;&#x631;&#x64A;&#x642; :</subfield>
    <subfield code="b">&#x627;&#x633;&#x62A;&#x631;&#x627;&#x62A;&#x64A;&#x62C;&#x64A;&#x629; &#x627;&#x644;&#x646;&#x62C;&#x627;&#x62D; /</subfield>
    <subfield code="c"> &#x646;&#x64A;&#x643;&#x64A; &#x647;&#x627;&#x64A;&#x64A;&#x633;</subfield>
  </datafield>
  <datafield tag="260" ind1=" " ind2=" ">
    <subfield code="a">&#x627;&#x644;&#x631;&#x64A;&#x627;&#x636;: </subfield>
    <subfield code="b">&#x62F;&#x627;&#x631; &#x627;&#x644;&#x645;&#x631;&#x64A;&#x62E; &#x644;&#x644;&#x646;&#x634;&#x631;, </subfield>
    <subfield code="c">2005</subfield>
  </datafield>
  <datafield tag="300" ind1=" " ind2=" ">
    <subfield code="a">276  &#x635;&#x641;&#x62D;&#x629;&#x61B; </subfield>
    <subfield code="b">&#x625;&#x64A;&#x636;&#x627;&#x62D;&#x627;&#x62A; &#x61B;</subfield>
    <subfield code="c">24 &#x633;&#x645;</subfield>
  </datafield>
  <datafield tag="504" ind1=" " ind2=" ">
    <subfield code="a">&#x627;&#x644;&#x645;&#x631;&#x627;&#x62C;&#x639; &#x635;.576</subfield>
  </datafield>
  <datafield tag="520" ind1=" " ind2=" ">
    <subfield code="a">&#x644;&#x645;&#x627;&#x630;&#x627; &#x646;&#x633;&#x62A;&#x62E;&#x62F;&#x645; &#x627;&#x644;&#x641;&#x631;&#x64A;&#x642;&#x61F;- &#x627;&#x644;&#x641;&#x631;&#x64A;&#x642; &#x648;&#x627;&#x644;&#x645;&#x62C;&#x645;&#x648;&#x639;&#x629;- &#x628;&#x646;&#x627;&#x621; &#x627;&#x644;&#x641;&#x631;&#x64A;&#x642;- &#x627;&#x644;&#x641;&#x631;&#x64A;&#x642; &#x648;&#x642;&#x627;&#x626;&#x62F;&#x647;- &#x62A;&#x642;&#x648;&#x64A;&#x645; &#x623;&#x62F;&#x627;&#x621; &#x627;&#x644;&#x641;&#x631;&#x64A;&#x642;- &#x627;&#x644;&#x641;&#x631;&#x64A;&#x642; &#x648;&#x62A;&#x646;&#x638;&#x64A;&#x645;&#x647;- &#x62A;&#x646;&#x641;&#x64A;&#x630; &#x639;&#x645;&#x644; &#x627;&#x644;&#x641;&#x631;&#x64A;&#x642;- &#x645;&#x644;&#x62E;&#x635; &#x648;&#x627;&#x633;&#x62A;&#x646;&#x62A;&#x627;&#x62C;&#x627;&#x62A;.</subfield>
  </datafield>
  <datafield tag="653" ind1=" " ind2=" ">
    <subfield code="a">&#x625;&#x62F;&#x627;&#x631;&#x629; &#x627;&#x644;&#x623;&#x641;&#x631;&#x627;&#x62F;</subfield>
  </datafield>
  <datafield tag="653" ind1=" " ind2=" ">
    <subfield code="a">&#x627;&#x644;&#x625;&#x62F;&#x627;&#x631;&#x629;</subfield>
  </datafield>
  <datafield tag="653" ind1=" " ind2=" ">
    <subfield code="a">&#x627;&#x644;&#x625;&#x62F;&#x627;&#x631;&#x629; &#x627;&#x644;&#x62A;&#x646;&#x641;&#x64A;&#x630;&#x64A;&#x629;</subfield>
  </datafield>
  <datafield tag="653" ind1=" " ind2=" ">
    <subfield code="a">&#x627;&#x644;&#x646;&#x62C;&#x627;&#x62D; &#x627;&#x644;&#x625;&#x62F;&#x627;&#x631;&#x64A;</subfield>
  </datafield>
  <datafield tag="700" ind1=" " ind2=" ">
    <subfield code="a">&#x633;&#x631;&#x648;&#x631;&#x60C; &#x633;&#x631;&#x648;&#x631; &#x639;&#x644;&#x64A; &#x627;&#x628;&#x631;&#x627;&#x647;&#x64A;&#x645; </subfield>
    <subfield code="e">&#x645;&#x624;&#x644;&#x641; &#x62B;&#x627;&#x646;&#x648;&#x64A;</subfield>
  </datafield>
  <datafield tag="942" ind1=" " ind2=" ">
    <subfield code="c">&#x643;&#x62A;&#x627;&#x628;</subfield>
  </datafield>
  <datafield tag="999" ind1=" " ind2=" ">
    <subfield code="c">45556</subfield>
    <subfield code="d">45556</subfield>
  </datafield>
</record>
